| 000 -LEADER |
| fixed length control field |
00733nam a22001577a 4500 |
| 020 ## - INTERNATIONAL STANDARD BOOK NUMBER |
| ISBN |
9781394282524 |
| 082 ## - DEWEY DECIMAL CLASSIFICATION NUMBER |
| Classification number |
363.73 |
| Item number |
Ar7914 2025 |
| 245 ## - TITLE STATEMENT |
| Title |
Artificial intelligence-driven models for environmental management / edited by Shrikaant Kulkarni. |
| 260 ## - PUBLICATION, DISTRIBUTION, ETC. (IMPRINT) |
| Place of publication |
Hoboken, NJ : |
| Name of publisher |
John Wiley & Sons, Inc., |
| Year of publication |
c2025. |
| 300 ## - PHYSICAL DESCRIPTION |
| Number of Pages |
1 online resource, xxiii, 383 pages : |
| Other physical details |
illustrations. |
| 500 ## - GENERAL NOTE |
| General note |
Includes bibliographical references and index. |
| 520 ## - SUMMARY, ETC. |
| Summary, etc |
Explores the use of artificial intelligence in environmental management, including applications in sustainability, climate change, resource management, and pollution control. |
| 650 ## - SUBJECT ADDED ENTRY--TOPICAL TERM |
| Topical Term |
Artificial intelligence. |
| 700 ## - ADDED ENTRY--PERSONAL NAME |
| Personal name |
Kulkarni, Shrikaant, editor. |
| 942 ## - ADDED ENTRY ELEMENTS (KOHA) |
| Koha item type |
Electronic Books |